Trí tuệ của người xưa T.2
Gồm 3 phầm: Thời tống nguyên 960 - 1279, Phần Nhà Thanh (1616-1912), phần các dân tộc tiểu số của Trung Quốc.
Đã lưu trong:
| Tác giả chính: | |
|---|---|
| Định dạng: | Sách |
| Năm xuất bản: |
Hải Phòng
Hải Phòng
1996
|
| Chủ đề: | |
| Tags: |
Thêm thẻ
Không có thẻ, Hãy là người đầu tiên gắn thẻ bản ghi này!
|
| LEADER | 00714nam a2200169 4500 | ||
|---|---|---|---|
| 082 | |a 895.13 |b D561TH | ||
| 100 | |a Dương Thu Ái | ||
| 245 | |a Trí tuệ của người xưa |c Dương Thu Ái |n T.2 | ||
| 260 | |a Hải Phòng |b Hải Phòng |c 1996 | ||
| 300 | |a 264tr. |c 19cm. | ||
| 520 | |a Gồm 3 phầm: Thời tống nguyên 960 - 1279, Phần Nhà Thanh (1616-1912), phần các dân tộc tiểu số của Trung Quốc. | ||
| 653 | |a Văn học | ||
| 653 | |a Trung Quốc | ||
| 653 | |a Truyện kể | ||
| 942 | |2 ddc |c SH | ||
| 999 | |c 6632 |d 6632 | ||
| 952 | |0 0 |1 0 |2 ddc |4 0 |6 808_830000000000000_D561TH |7 0 |8 800 |9 62129 |a qbu |b qbu |c D5 |d 2015-01-21 |g 20000 |o 808.83 D561TH |p 5486.c1 |r 0000-00-00 |w 2015-01-21 |y SH |0 0 |6 808_830000000000000_D561TH | ||